[Event "Nova Gorica op 27th"]
[Site "Nova Gorica"]
[Date "2023.03.22"]
[Round "8"]
[White "Cokan, Mirko"]
[Black "Savoia, Serge"]
[Result "0-1"]
[WhiteElo "1677"]
[BlackElo "1625"]
[PlyCount "80"]
[EventDate "2023.03.16"]
[EventType "swiss"]
[EventRounds "9"]
[EventCountry "SLO"]
[SourceTitle "CBM 213 Extra"]
[Source "ChessBase"]
[SourceDate "2023.05.31"]
[SourceVersion "1"]
[SourceVersionDate "2023.05.31"]
[SourceQuality "1"]

1. e4 d6 2. d4 e5 3. Be3 c6 4. Nf3 Bg4 5. Bc4 f6 6. c3 Qe7 7. Nbd2 h5 8. h3 Bxf3 9. gxf3 g5 10. Qb3 Nh6 11. 0-0-0 b5 12. Bd3 a6 13. dxe5 dxe5 14. Be2 Nf7 15. Qc2 Nd7 16. Nb3 0-0-0 17. Rd2 Qe6 18. Kb1 Nd6 19. Rhd1 Be7 20. Bc5 Nxe4 21. Rxd7 Nxc5 22. Rxd8+ Rxd8 23. Rxd8+ Kxd8 24. c4 Nxb3 25. axb3 b4 26. Bd3 Bc5 27. Bg6 Qxh3 28. Bf5 Qf1+ 29. Ka2 Qxf2 30. Qb1 Bd4 31. Be4 Kc7 32. Bf5 Qxf3 33. Qc2 Qf2 34. Qxf2 Bxf2 35. Kb1 g4 36. Kc2 g3 37. Be4 f5 38. Bg2 h4 39. Kd1 Kd6 40. Ke2 e4 0-1

[Event "Nova Gorica op-A 26th"]
[Site "Nova Gorica"]
[Date "2022.09.20"]
[Round "7"]
[White "Cokan, Mirko"]
[Black "Thuesen, Mogens Henrik"]
[Result "0-1"]
[WhiteElo "1683"]
[BlackElo "2242"]
[PlyCount "74"]
[EventDate "2022.09.16"]
[EventType "swiss"]
[EventRounds "9"]
[EventCountry "SLO"]
[SourceTitle "CBM 210 Extra"]
[Source "ChessBase"]
[SourceDate "2022.11.30"]
[SourceVersion "1"]
[SourceVersionDate "2022.11.30"]
[SourceQuality "1"]

1. d4 d5 2. Bf4 Nf6 3. e3 e6 4. Nf3 Bd6 5. Bg3 0-0 6. Nbd2 c5 7. c3 Qc7 8. Ne5 Nbd7 9. f4 b6 10. Bd3 a5 11. Qe2 Bb7 12. Rc1 Qc8 13. b3 a4 14. Ndf3 axb3 15. axb3 Ra3 16. f5 exf5 17. Nxd7 Bxg3+ 18. hxg3 Qxd7 19. Ne5 Qe6 20. g4 Ne4 21. Qf3 fxg4 22. Qxg4 Qxg4 23. Nxg4 Rxb3 24. Bxe4 dxe4 25. Kf2 f6 26. Kg3 Rb2 27. Rh2 Ra8 28. Rch1 Raa2 29. Rf1 Rc2 30. dxc5 bxc5 31. Nxf6+ gxf6 32. Rxf6 Ra6 33. Rf5 Rg6+ 34. Kf4 Rxc3 35. Rfh5 Rg7 36. Ke5 Rxe3 37. Kd6 Reg3 0-1

[Event "Nova Gorica op 25th"]
[Site "Nova Gorica"]
[Date "2020.01.24"]
[Round "1"]
[White "Cokan, Mirko"]
[Black "Furlan, Ales"]
[Result "0-1"]
[WhiteElo "1709"]
[BlackElo "1966"]
[PlyCount "74"]
[EventDate "2020.01.24"]
[EventType "swiss"]
[EventRounds "9"]
[EventCountry "SLO"]
[SourceTitle "CBM 194"]
[Source "ChessBase"]
[SourceDate "2020.01.27"]
[SourceVersion "1"]
[SourceVersionDate "2020.01.27"]
[SourceQuality "1"]

1. d4 Nf6 2. Nf3 g6 3. Bf4 Bg7 4. Nbd2 0-0 5. e3 d6 6. Be2 b6 7. e4 Bb7 8. Bd3 Nbd7 9. c3 Nh5 10. Be3 e5 11. g4 Nf4 12. Bxf4 exf4 13. h4 Re8 14. Qc2 c5 15. Qb3 d5 16. 0-0-0 dxe4 17. Bc4 exf3 18. Bxf7+ Kh8 19. Bxe8 Qxe8 20. Rde1 Qf8 21. h5 g5 22. h6 Bf6 23. Ne4 cxd4 24. Qe6 Bxe4 25. Qxe4 dxc3 26. Qd5 cxb2+ 27. Kb1 Nc5 28. Qxf3 Na4 29. Re6 Rc8 30. Rc6 Nc3+ 31. Kc2 b1Q+ 32. Rxb1 Nxb1 33. Rxc8 Na3+ 34. Qxa3 Qxc8+ 35. Kd3 Qd7+ 36. Kc2 Qc6+ 37. Kd1 Qd5+ 0-1

[Event "Wch Seniors 65 28th"]
[Site "Bled"]
[Date "2018.11.18"]
[Round "1"]
[White "Tsynman, Boris"]
[Black "Cokan, Mirko"]
[Result "0-1"]
[WhiteElo "2074"]
[BlackElo "1677"]
[PlyCount "99"]
[EventDate "2018.11.18"]
[EventType "swiss"]
[EventRounds "11"]
[EventCountry "SLO"]
[SourceTitle "CBM 187 Extra"]
[Source "ChessBase"]
[SourceDate "2018.11.04"]
[SourceVersion "1"]
[SourceVersionDate "2018.11.04"]
[SourceQuality "1"]

1. e4 Nc6 2. d4 e5 3. d5 Nce7 4. g3 Nf6 5. Bg2 Ng6 6. Ne2 Bb4+ 7. c3 Ba5 8. 0-0 d6 9. h3 Bb6 10. a4 a5 11. Na3 0-0 12. Nc4 Bc5 13. Be3 b6 14. Qd2 Ba6 15. Na3 Nd7 16. Rfe1 Bxe3 17. Qxe3 Bc8 18. Nb5 Ba6 19. b4 Ne7 20. g4 Ng6 21. Bf1 Bc8 22. Red1 Nf6 23. Qd3 h5 24. g5 Nh7 25. h4 Nxh4 26. Qg3 Nxg5 27. Bg2 Nxg2 28. Kxg2 Bg4 29. Qe3 Nf3 30. Rh1 f5 31. exf5 Rxf5 32. Ng3 Nh4+ 33. Kf1 Rf3 34. Qd2 Qf6 35. Ne4 Qe7 36. Nxc7 Bh3+ 37. Rxh3 Rxh3 38. Nxa8 Rh1+ 39. Ke2 Rxa1 40. Nxb6 Qf8 41. Qe3 Re1+ 42. Kxe1 Ng2+ 43. Ke2 Nxe3 44. Kxe3 axb4 45. cxb4 h4 46. a5 h3 47. Ng3 Qf4+ 48. Ke2 Qxb4 49. Kf3 Qxa5 50. Nc4 0-1

[Event "Nova Gorica op 23rd"]
[Site "Nova Gorica"]
[Date "2018.01.28"]
[Round "5"]
[White "Kavcic, Bor"]
[Black "Cokan, Mirko"]
[Result "0-1"]
[WhiteElo "1607"]
[BlackElo "1696"]
[PlyCount "48"]
[EventDate "2018.01.26"]
[EventType "swiss"]
[EventRounds "9"]
[EventCountry "SLO"]
[SourceTitle "CBM 182 Extra"]
[Source "ChessBase"]
[SourceDate "2018.02.23"]
[SourceVersion "1"]
[SourceVersionDate "2018.02.23"]
[SourceQuality "1"]

1. e4 e5 2. Nc3 Nc6 3. f4 d6 4. Nf3 Be7 5. Bc4 Nf6 6. fxe5 Nxe5 7. Nxe5 dxe5 8. d3 c6 9. 0-0 0-0 10. Qf3 b6 11. Qg3 Ng4 12. Qf3 a5 13. Bxf7+ Kh8 14. Qe2 Bc5+ 15. Kh1 Nxh2 16. Be3 Nxf1 17. Rxf1 Bxe3 18. Qxe3 Ra7 19. Qg3 Qe7 20. Qh2 Qd6 21. Qg1 Qh6+ 22. Qh2 Qxh2+ 23. Kxh2 Raxf7 24. Rxf7 Rxf7 0-1

[Event "Nova Gorica op-A 18th"]
[Site "Nova Gorica"]
[Date "2013.01.30"]
[Round "8"]
[White "Bratkovic, Sham"]
[Black "Cokan, Mirko"]
[Result "1-0"]
[WhiteElo "1957"]
[BlackElo "1807"]
[PlyCount "99"]
[EventDate "2013.01.25"]
[EventType "swiss"]
[EventRounds "9"]
[EventCountry "SLO"]
[SourceTitle "CBM 152 Extra"]
[Source "ChessBase"]
[SourceDate "2013.02.25"]
[SourceVersion "1"]
[SourceVersionDate "2013.02.25"]
[SourceQuality "1"]

1. e4 c5 2. Nf3 d6 3. d4 cxd4 4. Nxd4 Nf6 5. Nc3 g6 6. Be3 Bg7 7. f3 0-0 8. Qd2 Nc6 9. 0-0-0 d5 10. Qe1 e5 11. Nxc6 bxc6 12. exd5 cxd5 13. Bg5 Bb7 14. Bc4 Qc7 15. Bxf6 dxc4 16. Bxg7 Kxg7 17. Qe3 a6 18. h4 Rad8 19. h5 Rxd1+ 20. Rxd1 h6 21. hxg6 fxg6 22. Na4 Rf7 23. Nc5 Bc8 24. Ne4 Qe7 25. Nd6 Rf8 26. Nxc4 Re8 27. Rd5 Qc7 28. Rxe5 Rxe5 29. Qxe5+ Qxe5 30. Nxe5 Be6 31. b3 Kf6 32. Nd3 g5 33. Kd2 h5 34. Ke3 h4 35. c4 Bc8 36. Nc5 Ke7 37. Kd4 g4 38. fxg4 Bxg4 39. Ke4 Bc8 40. Ke5 Bg4 41. Kf4 Bc8 42. Kg5 h3 43. gxh3 Bxh3 44. Nxa6 Kd6 45. Kf4 Bc8 46. Nb4 Kc5 47. Nc2 Ba6 48. Ke3 Bc8 49. Kd3 Bh3 50. Kc3 1-0